000 00484nam a2200193Ia 4500
003 OSt
005 20250423102222.0
008 220927b |||||||| |||| 00| 0 eng d
037 _cTextual
040 _aSDCL
_cSDCL
_beng
041 _2hin
_ahin
084 _aR66xJ25,1 L8
100 _aSharma, Murti
_9440540
245 0 _aVedantasara
260 _aNew Delhi :
_bNational Publishing House,
_c1978.
300 _ax,237p.
942 _cTEXL
_2CC
_n0
999 _c756107
_d756107